000 00294nam a22001337a 4500
008 181207b xxu||||| |||| 00| 0 eng d
020 _a9780205272365
041 _aeng
080 _25th
_a610
100 _a2
101 _aSHM
245 _aAccess to Health
_cDonatelle,R.J
942 _2udc
_cBK
999 _c53005
_d53005